000 00527nam a2200169 4500
001 117529
003 ES-MaACL
005 20230906190926.0
007 t|
008 070214s1902 sp r ||||1| spa d
100 1 _aPedreira Labadie, Angel.
_989900
245 1 0 _aEstudio microbiológico y clínico de la difteria /
_cTesis que presenta Angal Pedreira Labadie.
260 _aSantiago :
_b[s.n.],
_c[1902?] (
_fTip. Galaica)
300 _a33 p. ;
_c26 cm.
852 _aES-MaACL
_jT-1315-F-10
852 _aES-MaACL
_jT-1053-F-6
999 _c117529
_d117529